000
00299nam a2200121Ia 4500
005
20251222154410.0
008
251222s9999||||xx |||||||||||||| ||spa||
020
_a
84-320-9105-7
082
_a
828.7/B91
100
_a
"Bulwer-Lytton, Edward"
245
0
_a
Los Últimos días de Pompeya
942
_c
LIB
999
_c
35619
_d
35619